The new social economy : (Record no. 2926)
[ view plain ]
| 000 -LEADER | |
|---|---|
| fixed length control field | 00870nam a2200193Ia 4500 |
| 020 ## - INTERNATIONAL STANDARD BOOK NUMBER | |
| ISBN | 155786280X (pbk.) |
| 020 ## - INTERNATIONAL STANDARD BOOK NUMBER | |
| ISBN | 1557862788 |
| 050 ## - CALL NUMBER | |
| Classification number | HD51 |
| Item number | .Sa9 |
| 100 1# - AUTHOR | |
| Personal name | Sayer, R. Andrew. |
| 245 14 - TITLE | |
| Title | The new social economy : |
| Remainder of title | reworking the division of labour / |
| Statement of responsibility, etc | Andrew Sayer and Richard Walker. |
| 260 ## - PUBLICATION INFORMATION | |
| Place of publication | Cambridge, Mass : |
| Name of publisher | Blackwell, |
| Year of publication | 1992. |
| 300 ## - DESCRIPTION | |
| Number of Pages | viii, 306 p. |
| Dimensions | 23cm. |
| 500 ## - NOTES | |
| General note | Includes index. |
| 505 ## - FORMATTED CONTENTS NOTE | |
| Table of Content | Gender, class and the division of labour; the brave new world of the service economy - the expanding division of labour; the expanding horizons of industrial organization; new developments in manufacturing - the just-in-time system; beyond Fordism and flexibility; capitalism, socialism and the social division of labour. |
| 650 #0 - SUBJECTS | |
| Topical Term | Division of labor. |
| 650 #0 - SUBJECTS | |
| Topical Term | Industrial sociology. |
| 700 1# - OTHER AUTHORS | |
| Personal name | Walker, Richard, |
| 942 ## - ADDED ENTRY ELEMENTS (KOHA) | |
| Koha item type | Books |
| Withdrawn status | Lost status | Collection code | Home library | Current library | Shelving location | Date acquired | Full call number | Accession Number | Copy number | Koha item type |
|---|---|---|---|---|---|---|---|---|---|---|
| Reference | Methodist University Library Main | Methodist University Library Main | General Stacks | HD51 .Sa9 | 2073 | 1 | Books |